| 000 | 00431pab a2200157 454500 | ||
|---|---|---|---|
| 008 | 180718b2008 xxu||||| |||| 00| 0 eng d | ||
| 100 | _aWunsch, Conny | ||
| 245 | _aWhat did all the money do? On the general ineffectiveness of recent West German labour market programmes | ||
| 260 | _c2008 | ||
| 300 | _ap.134-74. | ||
| 650 | _aLabour market | ||
| 700 | _aLechner, Michael | ||
| 773 | _aKyklos | ||
| 908 | _aN | ||
| 909 | _a77971 | ||
| 999 |
_c77971 _d77971 |
||